|
|
|
|
| LEADER |
01206nam a2200301 4500 |
| 001 |
32575 |
| 003 |
BD-DhAAL |
| 005 |
20180110152801.0 |
| 008 |
180110r19751919enka b 001 0 eng |
| 999 |
|
|
|c 38969
|d 38969
|
| 010 |
|
|
|a 75179176
|
| 020 |
|
|
|a 0404548067
|
| 040 |
|
|
|a DLC
|c DLC
|d DLC
|d BD-DhAAL
|
| 043 |
|
|
|a a-bg---
|a a-ii---
|a e-po---
|
| 050 |
0 |
0 |
|a DS485.B47
|b C35 1975
|
| 082 |
0 |
0 |
|a 915.41406691
|
| 100 |
1 |
|
|a Campos, J. J. A.
|q (Joachim Joseph A.)
|9 24701
|
| 245 |
1 |
0 |
|a History of the Portuguese in Bengal with Maps and illustrations /
|c by J. J. A. Campos. With an introduction by F. J. Monahan.
|
| 260 |
|
|
|a London :
|b Butterworth,
|c c1919 [reprinted 1975]
|
| 300 |
|
|
|a xxvi, 283 pages :
|b illustrations ;
|c 23 cm.
|
| 504 |
|
|
|a Bibliography: p. [xvii]-xxvi.
|
| 526 |
|
|
|a AAL
|
| 541 |
|
|
|a Development Book Agency
|e 32575
|
| 650 |
|
0 |
|a Portuguese
|z India
|z Bengal
|x History.
|9 24702
|
| 651 |
|
0 |
|a Bengal (India)
|x History.
|9 24703
|
| 852 |
|
|
|a Ayesha Abed Library
|c General Stacks
|
| 942 |
|
|
|2 ddc
|c BK
|
| 952 |
|
|
|0 0
|1 0
|2 ddc
|4 0
|6 915_414066910000000_CAM
|7 0
|9 62572
|a BRACUL
|b BRACUL
|c GEN
|d 2018-01-10
|e Development Book Agency
|g 9000.00
|l 0
|o 915.41406691 CAM
|p 3010032575
|r 2018-01-10
|t 1
|v 9000.00
|w 2018-01-10
|y BK
|